00818nam a22002177a 450000500170000001000150001702000260003203500130005803700130007108200140008424500670009826000850016527000610025030000250031150000520033661000310038865000480041965000630046770000170053071000530054720130924112558.0 aENG-108037 c860.00a9789381904503 aEN-91570 bDBAD/PUB a954.9205100aRole of Indian Air Force in 1971 war /cedited by Jasjit Singh aNew DelhibKW Publishers in association with Centre for Air Power Studiesc2013 a4676/21, F.F., Ansari Road, DaryaganjbNew Delhie110002 aviii,229p.c24cm(Hb) a Includes bibliographical references and index. a India.bIndian Air Force. a India-Pakistan Conflict, 1971 xCampaigns. a India-Pakistan Conflict, 1971x Aerial operations, Indic. aJasjit Singh a Centre for Air Power Studies (New Delhi, India)